[Event "Golden Cleopatra op 7th"]
[Site "Cairo"]
[Date "2003.06.01"]
[Round "1"]
[White "El Gindy, Essam"]
[Black "Shaaban, Brince"]
[Result "0-1"]
[WhiteElo "2473"]
[BlackElo "2060"]
[PlyCount "78"]
[EventDate "2003.06.03"]
[EventType "swiss"]
[EventRounds "10"]
[EventCountry "EGY"]
[SourceTitle "CBM 094 Extra"]
[Source "ChessBase"]
[SourceDate "2003.07.09"]
[SourceVersion "2"]
[SourceVersionDate "2003.07.09"]
[SourceQuality "1"]

1. d4 d5 2. c4 dxc4 3. e3 e5 4. Bxc4 exd4 5. exd4 Nf6 6. Nf3 Bb4+ 7. Nc3 0-0 8. 0-0 Bg4 9. h3 Bh5 10. Bg5 c6 11. g4 Bg6 12. Re1 Qd6 13. Ne5 Nbd7 14. Bf4 Nxe5 15. Bxe5 Qd8 16. f4 Nd5 17. f5 f6 18. fxg6 fxe5 19. Rxe5 Qh4 20. Qe2 Bxc3 21. bxc3 Qg3+ 22. Qg2 Qxc3 23. Bxd5+ Kh8 24. Rae1 Qxd4+ 25. Kh1 cxd5 26. Rxd5 Qb6 27. Rde5 hxg6 28. Re6 Qb4 29. Qg3 g5 30. R6e5 Qf4 31. Qxf4 gxf4 32. Re7 b5 33. R1e5 f3 34. Rh5+ Kg8 35. Rg5 Rf6 36. Rgxg7+ Kf8 37. Kg1 f2+ 38. Kf1 Rd8 39. Rd7 Re8 0-1